[Event "COL-ch U18"]
[Site "Cali"]
[Date "2017.04.08"]
[Round "7"]
[White "Archbold Tilano, Ralph Alfred"]
[Black "Arboleda Orozco, Juan M"]
[Result "0-1"]
[WhiteElo "1650"]
[BlackElo "1914"]
[PlyCount "24"]
[EventDate "2017.04.04"]
[EventType "tourn"]
[EventRounds "9"]
[EventCountry "COL"]
[SourceTitle "CBM 178 Extra"]
[Source "ChessBase"]
[SourceDate "2017.06.22"]
[SourceVersion "1"]
[SourceVersionDate "2017.06.22"]
[SourceQuality "1"]

1. e4 c5 2. Nf3 d6 3. d4 cxd4 4. Nxd4 Nf6 5. f3 g6 6. Nc3 Bg7 7. Be3 Nc6 8. Qd2 0-0 9. Bc4 Bd7 10. Bb3 Rc8 11. 0-0 Ne5 12. Qd3 Nxd3 0-1